[Event "Asia Cities-ch 13th"]
[Site "Aden"]
[Date "2002.02.13"]
[Round "8"]
[White "Torre, Eugenio"]
[Black "Atia, Mahdi"]
[Result "1-0"]
[WhiteElo "2536"]
[BlackElo "2176"]
[PlyCount "55"]
[EventDate "2002.02.07"]
[EventType "team-swiss"]
[EventRounds "9"]
[EventCountry "YEM"]
[SourceTitle "EXT 2020"]
[Source "ChessBase"]
[SourceDate "2019.10.17"]
[SourceVersion "1"]
[SourceVersionDate "2019.10.17"]
[SourceQuality "1"]
[WhiteTeam "Manila"]
[BlackTeam "Baghdad"]
[WhiteTeamCountry "PHI"]
[BlackTeamCountry "IRQ"]

1. e4 d5 2. exd5 Qxd5 3. Nf3 Nf6 4. d4 c6 5. Be2 Bf5 6. 0-0 e6 7. c4 Qd8 8. Nc3 Be7 9. Ne5 h6 10. Be3 Nbd7 11. f4 Nxe5 12. fxe5 Nd7 13. Bg4 Bg6 14. Bh5 Bg5 15. Bxg5 Qxg5 16. Bxg6 Qxg6 17. Rf3 0-0 18. Rg3 Qh7 19. Qg4 Kh8 20. Re1 Nb6 21. b3 Rad8 22. Rd1 Rd7 23. Ne4 Nc8 24. Qh4 Rg8 25. Ng5 Qg6 26. Rf1 Rf8 27. Ne4 Qh7 28. Nf6 1-0

[Event "Olympiad-33"]
[Site "Elista"]
[Date "1998.10.05"]
[Round "7.4"]
[White "Jose Queralto, Daniel"]
[Black "Atia, Mahdi"]
[Result "1/2-1/2"]
[WhiteElo "2190"]
[BlackElo "2215"]
[PlyCount "97"]
[EventDate "1998.09.29"]
[EventType "team-swiss"]
[EventRounds "13"]
[EventCountry "RUS"]
[SourceTitle "CBM 068"]
[Source "ChessBase"]
[SourceDate "1999.02.01"]
[SourceVersion "1"]
[SourceVersionDate "1999.02.01"]
[SourceQuality "1"]
[WhiteTeam "Andorra"]
[BlackTeam "Iraq"]
[WhiteTeamCountry "AND"]
[BlackTeamCountry "IRQ"]

1. e4 d5 2. exd5 Qxd5 3. Nc3 Qa5 4. d4 Nf6 5. Nf3 c6 6. Bc4 Bg4 7. h3 Bh5 8. g4 Bg6 9. Bd2 e6 10. Nd5 Qd8 11. Nxf6+ gxf6 12. c3 Nd7 13. Qe2 Nb6 14. Bb3 Qc7 15. Nh4 Bd6 16. Qf3 Be7 17. Bf4 Qd7 18. Bg3 Nd5 19. 0-0-0 b5 20. Rhe1 a5 21. a4 0-0-0 22. Nxg6 hxg6 23. axb5 cxb5 24. Kb1 a4 25. Ba2 Kb7 26. h4 Ka7 27. Rc1 Nb6 28. Red1 Nc4 29. Bxc4 bxc4 30. Qf4 Rc8 31. Qe4 Rhd8 32. f3 Qb5 33. Ka1 Rd5 34. Qc2 Kb6 35. Rb1 Ra8 36. Rh1 Qb3 37. Rh2 Rda5 38. Re1 Qb5 39. Rb1 Qb3 40. Re1 Rb5 41. Qxb3 axb3+ 42. Kb1 Bf8 43. Kc1 Ra2 44. Bf4 g5 45. hxg5 fxg5 46. Bg3 Ra1+ 47. Kd2 Rxe1 48. Kxe1 Rd5 49. Rh8 1/2-1/2